000 00329nam a2200133Ia 4500
005 20260328101516.0
008 260328s9999||||xx |||||||||||||| ||und||
100 _aBarr, Alfred H.
245 0 _aWhat is Modern painting? /
_cAlfred H. Barr
260 _bThe Museum of Modern Art
300 _a43 p.
650 _aARTE
942 _cBK
999 _c9397
_d9397